Generative classification method by decomposition of joint distribution

Saved in:
Bibliographic Details
Main Author: Jurečeková, Alžbeta (Author)
Other Authors: Bacigál, Tomáš (Thesis advisor)
Format: Manuscript Book
Language:Slovak
English
Published: 2024
Subjects:
Online Access:http://is.stuba.sk/zp/portal_zp.pl?podrobnosti=175911
https://opac.crzp.sk/?fn=detailBiblioForm&sid=AA0D9432EF6DE826C2161D4F11D3
Tags: Add Tag
No Tags, Be the first to tag this record!

MARC

LEADER 00000ntm a22000003a 4500
001 stuzp99776
003 SK-STU
005 20240920114624.7
007 ta
008 150427s2015----xo-----f-mn---000-0-slo-d
040 |a STU  |b slo 
041 0 |a eng 
100 1 |a Jurečeková, Alžbeta  |u 010220  |4 aut  |U SvF Stavebná fakulta  |T SvF Katedra matematiky a deskriptívnej geometrie  |X 104362  |U V220  |Y 23  |7 104362 
242 0 1 |a Generatívna klasifikačná metóda s využitím rozkladu združeného rozdelenia  |y slo 
245 1 0 |a Generative classification method by decomposition of joint distribution 
260 |c 2024 
650 4 |a Združené rozdelenie  |2 slo 
650 4 |a Klasifikácia  |2 slo 
650 4 |a Kopula  |2 slo 
650 4 |a Joint distribution  |2 eng 
650 4 |a Classification  |2 eng 
650 4 |a Copula  |2 eng 
700 1 |a Bacigál, Tomáš  |u 010220  |k Z1  |4 ths  |U SvF Stavebná fakulta  |T SvF Katedra matematiky a deskriptívnej geometrie  |X 38288  |U V220  |Y 23  |7 A000038288 
856 4 |u http://is.stuba.sk/zp/portal_zp.pl?podrobnosti=175911 
856 4 |u https://opac.crzp.sk/?fn=detailBiblioForm&sid=AA0D9432EF6DE826C2161D4F11D3